000 01569nam a22002297a 4500
005 20211008113800.0
008 211008b ||||| |||| 00| 0 eng d
020 _a9781849205634
040 _cAL
041 _aeng
082 _223
_a306
_bHALR
100 _aStuart Hall
_9922
245 _aRepresentation
250 _a2nd ed.
260 _aLondon
_bSage Publications
_c2013
300 _axxvi,410p.
_bPB
_c23x18cm
365 _2General
_a297
_b₹3038.14
_c
_d₹3895.05
_e22%
_f27-04-2021
520 _aSince 1997 Representation has been the key go-to textbook for students learning the tools to question and critically analyze institutional and media texts and images. This long-awaited Second Edition: • update and refreshes the approach to theories of representation by signaling key developments in the field • addresses the emergence of new technologies and formats of representation, from the internet and the digital revolution to reality TV • includes an entirely new chapter on celebrity culture and personalization, to debates about representation and democracy, and involve illustrations of an intertextual nature, cutting across various technologies and formats in which ′the real′ or the authentic makes an appearance • offers new exercises, new readings, new images and examples for a new generation of students This book will once again prove an indispensable resource for students and teachers in cultural and media studies.
650 _9923
_aRepresentation
700 _aEvans, Jessica; Nixon, Sean
_9924
942 _2ddc
_cBK
999 _c216521
_d216521